MARC details
| 000 -LEADER |
| fixed length control field |
02047pam a2200397 i 4500 |
| 001 - CONTROL NUMBER |
| control field |
z9mscp b6864303 |
| 005 - DATE AND TIME OF LATEST TRANSACTION |
| control field |
20250520162403.0 |
| 008 - FIXED-LENGTH DATA ELEMENTS--GENERAL INFORMATION |
| fixed length control field |
210218r20212020nyu 000 1 eng d |
| 010 ## - LIBRARY OF CONGRESS CONTROL NUMBER |
| LC control number |
bl2021005278 |
| 020 ## - INTERNATIONAL STANDARD BOOK NUMBER |
| International Standard Book Number |
9780451491206 : PAP |
| Terms of availability |
9.99 |
| 020 ## - INTERNATIONAL STANDARD BOOK NUMBER |
| International Standard Book Number |
0451491203 : PAP |
| Terms of availability |
9.99 |
| Qualifying information |
pbk. |
| 037 ## - SOURCE OF ACQUISITION |
| Source of stock number/acquisition |
Berkley Pub Group, C/O Penguin Random House Attn: Order Processing 405 Murray Hill Pkwy, East Rutherford, NJ, USA, 07073-2136 |
| Note |
SAN 201-3975 |
| 040 ## - CATALOGING SOURCE |
| Original cataloging agency |
NjBwBT |
| Language of cataloging |
eng |
| Transcribing agency |
NjBwBT |
| Description conventions |
rda |
| Modifying agency |
NjBwBT |
| 050 14 - LIBRARY OF CONGRESS CALL NUMBER |
| Classification number |
PS3610.A43 |
| Item number |
C38 2021 |
| 082 04 - DEWEY DECIMAL CLASSIFICATION NUMBER |
| Classification number |
813/.6 |
| Edition number |
23 |
| 092 ## - LOCALLY ASSIGNED DEWEY CALL NUMBER (OCLC) |
| Classification number |
fiction |
| Item number |
James |
| 100 1# - MAIN ENTRY--PERSONAL NAME |
| Personal name |
James, Miranda, |
| Relator term |
author. |
| 9 (RLIN) |
5789402 |
| 245 10 - TITLE STATEMENT |
| Title |
Cat me if you can / |
| Statement of responsibility, etc |
Miranda James. |
| 250 ## - EDITION STATEMENT |
| Edition statement |
Berkley Prime Crime mass-market edition. |
| 264 #1 - Production, Publication, Distribution, Manufacture, and Copyright Notice. |
| Place of production, publication, distribution, manufacture |
New York : |
| Name of producer, publisher, distributor, manufacturer |
Berkley Prime Crime, |
| Date of production, publication, distribution, manufacture, or copyr |
2021. |
| 300 ## - PHYSICAL DESCRIPTION |
| Extent |
293 pages ; |
| Dimensions |
18 cm. |
| 336 ## - Content Type |
| Content type term |
text |
| 337 ## - Media type |
| Media type term |
unmediated |
| 338 ## - Carrier type |
| Carrier type term |
volume |
| 490 ## - SERIES STATEMENT |
| Series statement |
A cat in the stacks mystery : |
| Volume number/sequential designation |
book 13 |
| 520 ## - SUMMARY, ETC. |
| Summary, etc |
"Charlie and Diesel along with Charlie's fiancée, Helen Louise Brady, are heading to Asheville, North Carolina, to spend a week at a boutique hotel and participate in a gathering of a mystery reader's club composed of patrons of the Athena Public Library. When an intrusive, uninvited guest turns up dead, only one mystery club member with a connection to the deceased appears to have a motive to kill. But could the answer really be that simple? Charlie and Diesel, along with the detecting Ducote sisters, know that every murder plot has an unexpected twist"-- |
| 600 10 - SUBJECT ADDED ENTRY--PERSONAL NAME |
| Personal name |
Harris, Charlie |
| Titles and other words associated with a name |
(Fictitious character) |
| Form subdivision |
Fiction. |
| 9 (RLIN) |
6544766 |
| 650 #0 - SUBJECT ADDED ENTRY--TOPICAL TERM |
| Topical term or geographic name as entry element |
Librarians |
| Form subdivision |
Fiction. |
| 9 (RLIN) |
5696227 |
| 650 #0 - SUBJECT ADDED ENTRY--TOPICAL TERM |
| Topical term or geographic name as entry element |
Cats |
| Form subdivision |
Fiction. |
| 9 (RLIN) |
5674208 |
| 650 #0 - SUBJECT ADDED ENTRY--TOPICAL TERM |
| Topical term or geographic name as entry element |
Murder |
| Form subdivision |
Fiction. |
| 9 (RLIN) |
5674892 |
| 655 #7 - INDEX TERM--GENRE/FORM |
| Genre/form data or focus term |
Cozy mysteries. |
| Source of term |
lcgft. |
| 9 (RLIN) |
5812499 |
| 655 #7 - INDEX TERM--GENRE/FORM |
| Genre/form data or focus term |
Novels. |
| Source of term |
lcgft. |
| 776 08 - ADDITIONAL PHYSICAL FORM ENTRY |
| Display text |
Reproduction of (manifestation): |
| 776 08 - ADDITIONAL PHYSICAL FORM ENTRY |
| Main entry heading |
James, Miranda. |
| Title |
Cat me if you can |
| Place, publisher, and date of publication |
New York : Berkley Prime Crime, [2020] |
| Record control number |
(DLC) 2020014871. |
| 942 ## - ADDED ENTRY ELEMENTS (KOHA) |
| Source of classification or shelving scheme |
Dewey Decimal Classification |
| Koha item type |
BOOK |